1293 1718 1085 1259 1874 1071 1351 1573 1888 1545 1261 1337 1319 2000 1713 1147 1092 1992 1499 1755 1652 1746 1409 1727 1868 1999 1610 1073 1189 1279 1619 1908 1291 1890 1151 1162 1470 1806 1228 1176 1804 1225 1509 1342 1373 1601 1048 1704 1409 1129 1237 1363 1201 1586 1702 1524 1937 1920 1048 1144 1885 1413 1254 1273 1710 1224 1695 1653 1757 1324 1001 1966 1598 1384 1147 1067 1274 1966 1597 1192 1641 1253 1003 1231 1145 1219 1403 1085 1069 1648 1998 1249 1196 1800 1454 1100 1409 1431 1260 BCNSPRNW ULIB Ver.6.0+V

เปลี่ยนเป็นภาษาไทย

Change to English
 แสดงรายละเอียดบรรณานุกรม
  กลับหน้าหลัก

Brief Record : Get Marc (ISO 2709) : E-mail record : QR code < ปิดหน้าต่าง
LEADER : 00000nam 2200000uu 4500
001    13399114312
003     ULIB
008    120321s2551||||th 000 0 tha d
020    ^a9786110600194
090    ^aนว.^bP111D 2551
100 0  ^apiana
245 00 ^aDestiny of Love โชคชะตารักเปิดประตูใจคุณชายแบดบอย/^cpiano
250    ^aพิมพ์ครั้งที่ 1
260    ^aกรุงเทพฯ :^bแจ่มใส,^c2551
300    ^a224หน้า
710 1  ^aแจ่มใส
945    ^p169^l0^i15780
995    ^aกัณชพร
999    ^aใช้งานได้ทุกระบบ
รายการนี้ยังไม่มีแท็ก
คุณยังไม่ได้ล็อกอิน คุณสามารถมีกิจกรรมร่วมกับเว็บไซต์ได้ แต่ต้องล็อกอินก่อน ::
  ล็อกอิน

รายการสื่อสารสนเทศ

ลำดับที่ ประเภท เลขเรียก/บาร์โค้ด สถานที่ สถานะ
1. นวนิยาย
นวนิยาย
นว. P111D 2551  
  Barcode: 15780
ห้องสมุดวิทยาเขตสวรรค์ประชารักษ์
►นวนิยาย
บนชั้น
  ขอยืม

BibComment


ยังไม่เคยถูกคอมเมนท์

คอมเมนท์ทรัพยากรรายการนี้
  คอมเมนท์: Destiny of Love ..


 Copyright 2026. Bcnsprnw @Library